Statistics for Xbox Launch Titles (North America)

Click here to take the quiz!

General Stats

  • This quiz has been taken 7 times
  • The average score is 7 of 17

Answer Stats

GenreAnswer% Correct
FPSHalo: Combat Evolved
100%
FootballMadden NFL 2002
100%
Street RacingProject Gotham Racing
100%
Winter SportsDark Summit
33%
FightingDead or Alive 3
33%
Mad Dash RacingFuzion Frenzy
33%
RacingNASCAR Heat 2002
33%
RacingNASCAR Thunder 2002
33%
FootballNFL Fever 2002
33%
HockeyNHL Hitz 20-02
33%
AdventureOddworld: Munch's Oddysee
33%
RacingTest Drive Off-Road Wide Open
33%
SportsTony Hawk's Pro Skater 2x
33%
SportsTransWorld Surf
33%
RacingArctic Thunder
0%
KartCel Damage
0%
AdventureShrek
0%

Score Distribution

Percentile by Number Answered

Percent of People with Each Score

Your Score History

You have not taken this quiz